000 00262 a2200109 4500
001 50634
040 _cAnchieta - Pituba
240 1 0 _aÜbungs-grammatik
_l
245 1 0 _aÜbungs-grammatik
650 4 _aLínguas germânicas (teutônicas) língua alemã
942 _cMU
999 _c50634
_d50634